Statistiques concernant Culture Générale - Série 781

Cliquez ici pour prendre le quiz!

Statistiques générales

  • Ce quiz a été pris 79 fois
  • Le résultat moyen est 6 sur 10

Statistiques - réponses

QuestionRéponse% Correct
Comment appelle-t-on le type de transaction, qui consiste à échanger sans monnaie, un bien contre un autre ?troc
97%
Comment appelle-t-on les habitants de l'île de Java ?Javanais
91%
Le système de travail en continu basé sur trois équipes faisant chacune huit heures est appelé les...trois-huit
68%
Dans le "Livre de la Jungle" de Disney, comment se prénomme le python qui tente d'hypnotiser Mowgli ?Kaa
65%
Quel mot composé désigne familièrement le petit verre d'alcool pris après le café ?pousse-café
49%
Quel prénom ont en commun la mère de Néron et une héroïne de Claire Bretécher ?Agrippine
46%
Sur quelle radio naquit l'émission “Salut les copains” en 1959 ?Europe 1
46%
Quel nom porte l'épreuve de motos du Touquet ?enduro
45%
Au XI° siècle, comment appelait-on le loup ?leu
38%
Il y a la terre, le feu, l'air et l'eau, mais quel était le "Cinquième Élément" du film de Luc Besson ?l'amour
9%

Distribution des résultats

Percentile par nombre de réponses

% des personnes avec chaque résultat

Votre développement - résultats

Vous n’avez pas pris ce quiz